| 000 | 00423nam a2200157Ia 4500 | ||
|---|---|---|---|
| 008 | 210716s2018 xx 000 0 und d | ||
| 020 | _a9788126564347 | ||
| 041 | _aeng | ||
| 082 | _a657 WEYJ | ||
| 100 | _aWeygandt, Jerry J; Kimmel, Paul D, Kieso, Donald E. | ||
| 245 | _aAccounting principles. | ||
| 250 | _a12 | ||
| 260 |
_aNew Delhi _bWILEY _c2018 |
||
| 300 | _axvii,919,A-1,B-1,C-1 D-1 | ||
| 650 | _aAccounting(657) | ||
| 999 |
_c211552 _d211552 |
||